00426nam a2200181Ia 4500003000900000008004100009040001300050040001300063041000800076100001900084245007600103250000900179260002100188260000900209300000800218490001200226490000600238IT-RoPAU120407s9999 xx 000 0 und d aIT-RoPAU cIT-RoPAU aita aFranz Moschner aLe parabole del regno. Istituzione e dottrina della Chiesa nel Vangelo. aRoma aEdizioni Paoline c1961 c cm aCat. II v1